Caribbean Islands by Area - Statistics

General Stats
  • This quiz has been taken 11 times
  • The average score is 19 of 49
Answer Stats
Country or Territory Island Name % Correct
Cuba Cuba
100%
Dominican Republic and Haiti Hispaniola
90%
Puerto Rico Puerto Rico
90%
Trinidad and Tobago Trinidad
90%
Antigua and Barbuda Antigua
80%
Aruba Aruba
80%
Antigua and Barbuda Barbuda
80%
Curacao Curacao
80%
Dominica Dominica
80%
Bahamas Grand Bahama
80%
Grenada Grenada
80%
Martinique Martinique
80%
St Kitts and Nevis Saint Kitts
80%
Saint Lucia Saint Lucia
80%
Saint Vincent and the Grenaindes Saint Vincent
80%
Caribbean Netherlands Bonaire
70%
Trinidad and Tobago Tobago
70%
Barbados Barbados
60%
Cayman Islands Grand Cayman
50%
Guadeloupe Basse-Terre
40%
Guadeloupe Grand-Terre
40%
Bahamas North Andros
40%
US Virgin Islands Saint Croix
40%
Bahamas South Andros
40%
Cuba Juventud
30%
Venezuela Margarita
30%
Mexico Cozumel
20%
Haiti Gonave
20%
Bahamas New Providence
20%
Bahamas Cat
10%
Bahamas Grand Abaco
10%
Haiti Tortuga
10%
Bahamas Acklins
0%
Cuba Coco
0%
Bahamas Crooked
0%
Bahamas Eleuthera
0%
Bahamas Great Exuma
0%
Bahamas Great Inagua
0%
Venezuela La Tortuga
0%
Bahamas Little Abaco
0%
Bahamas Little Inagua
0%
Bahamas Long
0%
Guadeloupe Marie Galante
0%
Bahamas Mayaguana
0%
Turks and Caicos Middle Caicos
0%
Cuba Romano
0%
Cuba Sabinal
0%
Bahamas San Salvador Island
0%
Puerto Rico Vieques
0%
No matching quizzes found
Score Distribution
Percent of People with Each Score
Percentile by Number Answered
Your Score History
You have not taken this quiz